Využitie DEA modelu pri výpočte indexu lepšieho života

Index lepšieho života stanovený pomocou DEA modelu. Tento ukazovateľ však nie je koncom snaženia, ale prostriedkom na posilnenie politiky na zlepšenie života ľudí.

Guardado en:
Detalles Bibliográficos
Autor principal: Vondrová, Andrea, 1987-
Formato: Capítulo de libro
Lenguaje:eslovaco
Materias:
Etiquetas: Agregar Etiqueta
Sin Etiquetas, Sea el primero en etiquetar este registro!

MARC

LEADER 00000nla a2200000 4500
001 0179709
005 20240502073044.3
041 0 |a slo 
044 |a SK 
245 1 0 |a Využitie DEA modelu pri výpočte indexu lepšieho života  |c Andrea Vondrová 
520 |a Index lepšieho života stanovený pomocou DEA modelu. Tento ukazovateľ však nie je koncom snaženia, ale prostriedkom na posilnenie politiky na zlepšenie života ľudí. 
610 2 0 |a kvalita života 
610 2 0 |a index rozvoja ľudského 
610 2 0 |a modely 
100 1 |a Vondrová, Andrea, 1987-